000 00546nam a2200193Ia 4500
003 GCL
008 140319s9999 xx 000 0 ara d
040 _aGCL /
_cGCL
082 0 4 _a251.15
_bا ش
100 1 _aاحمد برناز
245 1 0 _aالشهب المخرقة /
_cاحمد برناز
260 _a[S.N] :
_bدار الغرب الاسلامى ،
_c1990
300 _a616 ص
490 _a
650 0 4 _aالاجتهاد
650 0 4 _aالشريعة الاسلامية
650 0 4 _aالفقه الاسلامى
942 _2ddc
_cBK
999 _c36548
_d36548